000 00695nam a2200265Ia 4500
001 28717
005 20240114001102.0
007 ta
008 060616s1886 g b000 u 465 u
040 _aCotton College Assam
041 _a465
082 _a183.2
_bC 473 T
100 _aChurch , F.J. .
245 0 _aThe Trial and Death of Socrates /
_cF.J.Church.
_hTextual Documents
250 _a2nd ed. /
260 _aNew York :
_bMacmillan and co ,
_c1886.
300 _a213p. ;
_c18cm.
653 _aPhilosophy-Socrates
653 _aSocrates-Trial and Death
653 _aG-Philosophy
942 _2ddc
_cBK
999 _c28699
_d28699